[Event "St.Petersburg Summer Open"]
[Site "St Petersburg RUS"]
[Date "2016.08.25"]
[Round "9.17"]
[White "Kuzmin, Egor"]
[Black "Babanin, Gleb"]
[Result "1-0"]
[WhiteTitle "FM"]
[WhiteElo "2266"]
[BlackElo "2082"]
[WhiteFideId "24101737"]
[BlackFideId "34152536"]
[EventDate "2016.08.17"]

1. Nf3 c5 2. e4 d6 3. c3 Nf6 4. Bd3 e6 5. Bc2 Be7 6. d3 Nc6 7. Nbd2 d5 8. e5 Nd7
9. d4 cxd4 10. cxd4 Qb6 11. Nb3 a5 12. O-O a4 13. Nc5 Nxc5 14. dxc5 Bxc5 15.
Bxa4 Bd7 16. b4 Nxb4 17. Bxd7+ Kxd7 18. Rb1 Rxa2 19. Bd2 Qa5 20. Ng5 Qa4 21.
Bxb4 Bxb4 22. Qf3 Re8 23. Qxf7+ Re7 24. Qf8 h6 25. Nh7 Kc7 26. Nf6 gxf6 27.
Rfc1+ Rc2 28. exf6 Qc6 29. Rxc2 Qxc2 30. Rf1 Qc5 31. fxe7 Qxe7 32. Rc1+ Kb6 33.
Qxe7 Bxe7 34. Re1 Kc5 35. Rxe6 Bg5 36. Kf1 b5 37. Ke2 b4 38. Kd3 d4 39. Re5+ 1-0

[Event "St.Petersburg Summer Open"]
[Site "St Petersburg RUS"]
[Date "2016.08.25"]
[Round "9.18"]
[White "Emdin, Mark"]
[Black "Averyanov, Grigori"]
[Result "1/2-1/2"]
[WhiteElo "2247"]
[BlackElo "1821"]
[WhiteFideId "4100050"]
[BlackFideId "44150288"]
[EventDate "2016.08.17"]

1. e4 c5 2. Nc3 Nc6 3. g3 g6 4. Bg2 Bg7 5. d3 e6 6. Be3 d6 7. f4 Nge7 8. Nf3 O-O
9. O-O Rb8 10. Qd2 Nd4 11. Nh4 b5 12. Nd1 Qc7 13. c3 Ndc6 14. f5 exf5 15. exf5
Nxf5 16. Nxf5 Bxf5 17. Rxf5 gxf5 18. Bh6 Ne5 19. Bxg7 Kxg7 20. Qg5+ Ng6 21. Ne3
f6 22. Nxf5+ Kh8 23. Qh6 Rbe8 24. Be4 Rg8 25. Bd5 Rg7 26. Rf1 Re5 27. Bg2 Qd7
28. Bc6 Qxf5 29. Rxf5 Rxf5 30. Be4 Rg5 31. Bxg6 R5xg6 32. Qf4 Rd7 33. Qe4 Rf7
34. Qe6 Kg7 35. Qxd6 Rg5 36. Qc6 Re7 37. Qxb5 Rge5 38. Qc6 Re1+ 39. Kf2 R1e2+
40. Kf3 R2e3+ 41. Kf4 Rxd3 42. Qxc5 Red7 43. h4 R3d5 44. Qc8 h5 45. g4 hxg4 46.
Kxg4 Re7 1/2-1/2

[Event "St.Petersburg Summer Open"]
[Site "St Petersburg RUS"]
[Date "2016.08.25"]
[Round "9.19"]
[White "Artamonov, Valery"]
[Black "Korobitsyn, Daniil"]
[Result "1-0"]
[WhiteElo "2240"]
[BlackElo "2021"]
[WhiteFideId "24100480"]
[BlackFideId "24120472"]
[EventDate "2016.08.17"]

1. c4 Nf6 2. Nc3 e5 3. g3 Bb4 4. Bg2 O-O 5. Qb3 a5 6. e3 Nc6 7. Nge2 Bxc3 8.
Nxc3 Nb4 9. O-O Re8 10. d4 e4 11. a3 Na6 12. Qc2 Qe7 13. f3 d5 14. cxd5 Bf5 15.
fxe4 Bxe4 16. Nxe4 Nxe4 17. Rf4 Nd6 18. e4 f6 19. Bd2 Nb8 20. Re1 Nf7 21. e5
fxe5 22. d6 cxd6 23. Bd5 Rf8 24. Rxf7 Rxf7 25. Qc8+ 1-0

[Event "St.Petersburg Summer Open"]
[Site "St Petersburg RUS"]
[Date "2016.08.25"]
[Round "9.20"]
[White "Afanasiev, Nikita"]
[Black "Nasybullina, Alfia"]
[Result "0-1"]
[WhiteTitle "FM"]
[BlackTitle "WFM"]
[WhiteElo "2349"]
[BlackElo "2141"]
[WhiteFideId "24183555"]
[BlackFideId "4132416"]
[EventDate "2016.08.17"]

1. d4 Nf6 2. Bf4 d5 3. e3 Bf5 4. Bd3 Bg6 5. Nf3 e6 6. Nbd2 Bd6 7. Ne5 Bxe5 8.
dxe5 Nfd7 9. h4 Nc6 10. Bb5 Nb4 11. Rc1 c6 12. Bf1 Nxa2 13. h5 Bf5 14. g4 Bxg4
15. Qxg4 Nxc1 16. Qxg7 Rf8 17. Qxh7 Qa5 18. c3 Qa1 19. Qb1 Qxb1 20. Nxb1 O-O-O
21. b4 a5 22. Kd2 Nb3+ 23. Kc2 a4 24. h6 f6 25. exf6 Rxf6 26. Rh2 Rh8 27. Bg5
Rg6 28. f4 Ne5 29. Bd3 Nxd3 30. Kxd3 Rh7 31. Ke2 Kd7 32. Kf3 Ke8 33. e4 Rg8 34.
Kg4 dxe4 35. Kh5 Rd7 36. Bf6 Nc1 37. Rh3 Ne2 38. Bg5 Rd5 39. Kh4 Ng1 40. Rg3
Nf3+ 41. Kh5 Rd1 42. h7 Rh1+ 0-1

[Event "St.Petersburg Summer Open"]
[Site "St Petersburg RUS"]
[Date "2016.08.25"]
[Round "9.21"]
[White "Zaykov, Sergey"]
[Black "Kuzmin, Yuriy"]
[Result "1/2-1/2"]
[WhiteElo "2156"]
[BlackElo "2275"]
[WhiteFideId "4143906"]
[BlackFideId "24122041"]
[EventDate "2016.08.17"]

1. Nf3 d5 2. d4 Nf6 3. c4 c6 4. Nc3 dxc4 5. a4 Bf5 6. Ne5 Nbd7 7. Nxc4 Nb6 8.
Ne5 a5 9. f3 Nfd7 10. Nxd7 Nxd7 11. e4 Bg6 12. Bc4 e5 13. Be3 Qb6 14. Qd2 Qb4
15. b3 Rd8 16. Na2 Qxd2+ 17. Kxd2 exd4 18. Bxd4 f6 19. Ke3 Bc5 20. Rhd1 Ke7 21.
Bxc5+ Nxc5 22. Rxd8 Rxd8 23. b4 axb4 24. Nxb4 Bf7 25. Bxf7 Kxf7 26. a5 Ra8 27.
Ra2 Ke8 28. h4 Kd7 29. g4 Na6 30. Nd3 c5 31. g5 Kc6 32. gxf6 gxf6 33. Rb2 Nb4
34. Nxb4+ cxb4 35. Rxb4 Rxa5 36. Rd4 Rh5 37. Rd8 Rxh4 38. Rf8 Rh6 39. Kd4 b5 40.
f4 Kd6 41. Rb8 Rh1 42. Rb6+ Ke7 43. Rxb5 h5 44. Rb7+ Kd6 45. Rb6+ Ke7 1/2-1/2

[Event "St.Petersburg Summer Open"]
[Site "St Petersburg RUS"]
[Date "2016.08.25"]
[Round "9.22"]
[White "Hurtado, Felipe"]
[Black "Melnikov, Dmitry"]
[Result "1/2-1/2"]
[BlackTitle "FM"]
[WhiteElo "2132"]
[BlackElo "2262"]
[WhiteFideId "4405480"]
[BlackFideId "4146468"]
[EventDate "2016.08.17"]

1. f4 d5 2. Nf3 Nf6 3. g3 g6 4. Bg2 Bg7 5. O-O O-O 6. d3 c5 7. Nc3 d4 8. Ne4
Nxe4 9. dxe4 Nc6 10. Bd2 e5 11. e3 Bg4 12. c3 Qb6 13. Qc1 d3 14. Nh4 c4 15. f5
Bh6 16. h3 Be2 17. Rf2 Qc5 18. Kh2 b5 19. Nf3 Bxf3 20. Rxf3 f6 21. Qf1 g5 22. b4
cxb3 23. axb3 Rfd8 24. Ra6 Rd6 25. Qa1 Rb8 26. Rf1 Rb6 27. b4 Qc4 28. Rxb6 axb6
29. Qa6 Bf8 30. Ra1 Qb3 31. Bf3 Qb2 32. Qa2+ Qxa2 33. Rxa2 Be7 34. Bd1 Bd8 35.
Bb3+ Kf8 36. Kg2 Rd7 37. Kf3 Ra7 38. Kf2 Rd7 39. Ke1 Ke7 40. Bc1 Bc7 41. Bd5 Kd6
42. Rd2 Ne7 43. Be6 Rd8 44. Rxd3+ Kc6 45. Rxd8 Bxd8 46. Ke2 Kc7 47. h4 gxh4 48.
gxh4 Nc6 49. Kf3 Kd6 50. Bd2 h5 51. Ke2 Be7 52. Kd3 Bf8 53. Bb3 Bh6 54. Bd1 Kd7
55. Bxh5 Ke7 56. Bd1 Kd7 57. Bb3 Ke7 58. Be6 Kd8 59. Ba2 Kc7 60. Bd5 Nd8 61. Bc1 1/2-1/2

[Event "St.Petersburg Summer Open"]
[Site "St Petersburg RUS"]
[Date "2016.08.25"]
[Round "9.23"]
[White "Nikitinyh, Boris"]
[Black "Bondarenko, Ivan"]
[Result "1/2-1/2"]
[WhiteElo "2099"]
[BlackElo "2224"]
[WhiteFideId "4198328"]
[BlackFideId "34152153"]
[EventDate "2016.08.17"]

1. e4 c5 2. Nf3 e6 3. Nc3 Nc6 4. g3 Nf6 5. Bg2 d5 6. exd5 exd5 7. d4 Be7 8. O-O
O-O 9. Re1 Bg4 10. Ne2 Ne4 11. Be3 cxd4 12. Nexd4 Bf6 13. c3 Na5 14. h3 Bh5 15.
g4 Bg6 16. Nd2 Nxd2 17. Bxd2 Nc4 18. Bc1 h6 19. b3 Nd6 20. Bxd5 Qa5 21. Bg2 Qxc3
22. Be3 Rfd8 23. Rc1 Qa5 24. Qe2 Rac8 25. Red1 Rxc1 26. Rxc1 Re8 27. Rd1 Ne4 28.
Qb5 Qd8 29. Qf1 Qe7 30. Ne2 Nxf2 31. Bxf2 Qxe2 32. Qxe2 Rxe2 33. a3 Ra2 34. Bxb7
Rxa3 35. Bd5 a5 36. Bc5 Ra2 37. Bd4 Bc2 38. Rd2 Bxd4+ 39. Rxd4 Rb2 40. Rc4 Bxb3
41. Rc8+ Kh7 42. Rb8 Rb1+ 43. Kf2 Bc2 44. Ra8 Ra1 45. Bxf7 a4 46. h4 Bg6 47.
Bg8+ Kh8 48. h5 Bb1 49. Bd5+ 1/2-1/2

[Event "St.Petersburg Summer Open"]
[Site "St Petersburg RUS"]
[Date "2016.08.25"]
[Round "9.24"]
[White "Pyatin, Alexander"]
[Black "Markelova, Lubov"]
[Result "1/2-1/2"]
[BlackTitle "WFM"]
[WhiteElo "2204"]
[BlackElo "2108"]
[WhiteFideId "24125920"]
[BlackFideId "24131369"]
[EventDate "2016.08.17"]

1. e4 e6 2. d3 c5 3. g3 Nc6 4. Bg2 g6 5. f4 Bg7 6. c3 d6 7. Nf3 Nge7 8. O-O O-O
9. Be3 Bd7 10. Kh1 Rc8 11. Nbd2 b5 12. a3 a5 13. Re1 a4 14. Bg1 b4 15. e5 bxc3
16. bxc3 Nf5 17. Rc1 Na5 18. Ne4 Nb3 19. g4 Nh4 20. Nxh4 Qxh4 21. Bf2 Qd8 22.
Nxd6 Nxc1 23. Nxc8 Nxd3 24. Qxd3 Qxc8 25. Qc4 Bc6 26. Qxc5 Bxg2+ 27. Kxg2 Qb7+
28. Kg1 Qf3 29. Qd4 Qxg4+ 30. Kh1 1/2-1/2

[Event "St.Petersburg Summer Open"]
[Site "St Petersburg RUS"]
[Date "2016.08.25"]
[Round "9.25"]
[White "Kozyrin, Aleksandr"]
[Black "Kolomensky, Vladimir"]
[Result "0-1"]
[BlackTitle "FM"]
[WhiteElo "2058"]
[BlackElo "2196"]
[WhiteFideId "34147800"]
[BlackFideId "4123565"]
[EventDate "2016.08.17"]

1. c4 Nf6 2. Nf3 e6 3. d4 Bb4+ 4. Bd2 Qe7 5. Nc3 O-O 6. Qc2 d6 7. a3 Bxc3 8.
Bxc3 Nbd7 9. e4 e5 10. dxe5 dxe5 11. O-O-O b6 12. Bd3 Bb7 13. Rhe1 Rfd8 14. Qe2
Ne8 15. g3 Nd6 16. Nd2 f6 17. f4 Nf7 18. Bc2 Nc5 19. Qe3 a5 20. h4 h6 21. Nf1
Rxd1+ 22. Kxd1 Nd6 23. Nd2 Re8 24. fxe5 fxe5 25. Kc1 Kh8 26. Bxa5 Ncxe4 27. Bxe4
Nxe4 28. Bb4 c5 29. Bc3 Nxc3 30. Qxc3 Qd6 31. Qe3 Qd4 32. Qe2 e4 33. Nb3 Qd6 34.
Qe3 Bc6 35. Nd2 Qd4 36. Kc2 Re6 37. Qc3 Qf2 38. Rf1 Qd4 39. Re1 e3 40. Qxd4 cxd4
41. Nf1 Be4+ 42. Kb3 Bg2 43. Kc2 Be4+ 44. Kc1 Bd3 45. b3 Bxf1 46. Rxf1 d3 47.
Rg1 Rf6 48. Kd1 Rf2 49. Re1 Rd2+ 50. Kc1 Rc2+ 51. Kb1 e2 52. Rg1 d2 0-1

[Event "St.Petersburg Summer Open"]
[Site "St Petersburg RUS"]
[Date "2016.08.25"]
[Round "9.26"]
[White "Slugin, Yaroslav"]
[Black "Puraev, Artemiy"]
[Result "0-1"]
[WhiteElo "1940"]
[BlackElo "2179"]
[WhiteFideId "34142913"]
[BlackFideId "24147869"]
[EventDate "2016.08.17"]

1. d4 d5 2. Nf3 Nf6 3. Bf4 c5 4. e3 Nc6 5. c3 Qb6 6. Qc1 Bf5 7. Nbd2 e6 8. Be2
h6 9. h3 Be7 10. O-O O-O 11. Ne5 Rac8 12. Ndf3 Rfd8 13. Nxc6 bxc6 14. Ne5 cxd4
15. exd4 c5 16. Be3 Nd7 17. Nxd7 Rxd7 18. dxc5 Bxc5 19. Rd1 Bxe3 20. fxe3 e5 21.
Qd2 Rcd8 22. Kh1 Be6 23. b3 Rc8 24. Rac1 Qa5 25. c4 Qxd2 26. Rxd2 Rdc7 27. Rdc2
dxc4 28. Bxc4 Bxc4 29. Rxc4 Rxc4 30. Rxc4 Rxc4 31. bxc4 Kf8 32. Kg1 Ke7 33. Kf2
Kd6 34. Ke2 Kc5 35. Kd3 f5 36. g3 g5 37. h4 a5 38. Kc3 a4 39. Kd3 Kb4 40. h5 a3
41. e4 f4 42. gxf4 gxf4 0-1

[Event "St.Petersburg Summer Open"]
[Site "St Petersburg RUS"]
[Date "2016.08.25"]
[Round "9.27"]
[White "Lagashin, Pavel"]
[Black "Krukovsky, Alexander"]
[Result "0-1"]
[WhiteElo "2186"]
[BlackElo "2024"]
[WhiteFideId "24132144"]
[BlackFideId "4157346"]
[EventDate "2016.08.17"]

1. c4 c5 2. g3 g6 3. Bg2 Bg7 4. e3 e6 5. Ne2 Nf6 6. Nbc3 O-O 7. b3 d5 8. cxd5
Nxd5 9. Bb2 Nb4 10. d4 N8c6 11. a3 cxd4 12. exd4 Nd5 13. Nxd5 exd5 14. h3 Re8
15. O-O Bf5 16. Nf4 Be4 17. Re1 Bxg2 18. Rxe8+ Qxe8 19. Kxg2 Qe4+ 20. f3 Qf5 21.
Qd2 Re8 22. g4 Qd7 23. Re1 Bh6 24. Rxe8+ Qxe8 25. Qe2 Qxe2+ 26. Nxe2 Na5 27. Bc1
Bg7 28. b4 Nc4 29. a4 Nb6 30. a5 Nc4 31. Nc3 a6 32. Nxd5 Bxd4 33. f4 Kf8 34. f5
gxf5 35. gxf5 Ke8 36. Kf3 Nd6 37. Kg4 Kd7 38. Be3 Bb2 39. Nb6+ Kc6 40. Na4 Bg7
41. Nc5 Bc3 42. Nd3 Kb5 43. Bf4 Ne4 44. Kh5 Kc4 45. Ne5+ Kxb4 46. Nxf7 Kxa5 47.
Nd6 Nf6+ 48. Kh6 b5 49. Nf7 Kb4 50. Ng5 a5 51. Nxh7 Ng8+ 52. Kg6 Ne7+ 53. Kg5
Nd5 54. Bd6+ Kc4 55. f6 Nxf6 56. Nxf6 b4 57. Ne4 a4 58. Nxc3 bxc3 59. h4 c2 60.
Ba3 Kb3 61. Bc1 a3 0-1

[Event "St.Petersburg Summer Open"]
[Site "St Petersburg RUS"]
[Date "2016.08.25"]
[Round "9.29"]
[White "Pavlova, Natalia"]
[Black "Khadzhiev, Valery"]
[Result "0-1"]
[WhiteElo "1977"]
[BlackElo "2174"]
[WhiteFideId "24135615"]
[BlackFideId "34154601"]
[EventDate "2016.08.17"]

1. c4 f5 2. Nf3 Nf6 3. g3 e6 4. Bg2 d5 5. b3 Bd6 6. Bb2 O-O 7. O-O c6 8. d4 Nbd7
9. Nbd2 Qe7 10. Ne5 Ne4 11. Rc1 Nxe5 12. dxe5 Ba3 13. Qc2 Bd7 14. Kh1 Be8 15. f3
Nxd2 16. Qxd2 Bxb2 17. Qxb2 f4 18. gxf4 Rxf4 19. e3 Rh4 20. f4 Bg6 21. cxd5 cxd5
22. Rc3 h6 23. Rfc1 Kh7 24. Rc7 Qb4 25. Qf2 Rh5 26. Qg3 Rf5 27. Rg1 Rf7 28. Rxf7
Bxf7 29. Bxd5 Rg8 30. Bf3 Kh8 31. e4 Qd2 32. a4 Qc2 33. Bg2 Kh7 34. Qh3 Qb2 35.
Qd3 Bh5 36. Qh3 Bf7 37. Qd3 Bh5 38. Bf3 Bf7 39. Qb5 Qc3 40. Bg2 b6 41. Qd7 Bh5
42. Qxe6 Bf3 43. h3 Qe3 44. Qf5+ g6 45. Qf6 Bxe4 46. Bxe4 Qxh3# 0-1

[Event "St.Petersburg Summer Open"]
[Site "St Petersburg RUS"]
[Date "2016.08.25"]
[Round "9.30"]
[White "Sakorenko, Adriana"]
[Black "Pischikov, Vadim"]
[Result "1/2-1/2"]
[WhiteElo "1942"]
[BlackElo "2162"]
[WhiteFideId "34130249"]
[BlackFideId "4100280"]
[EventDate "2016.08.17"]

1. e4 e5 2. Nf3 Nc6 3. Bb5 Nge7 4. O-O a6 5. Ba4 g6 6. c3 Bg7 7. d4 b5 8. Bc2 d6
9. dxe5 dxe5 10. Qe2 O-O 11. Rd1 Qe8 12. Be3 h6 13. Nbd2 Nd8 14. a4 Bb7 15. Nb3
Ne6 16. Nc5 Nxc5 17. Bxc5 Bf6 18. axb5 axb5 19. Rxa8 Bxa8 20. Bxe7 Bxe7 21. Nxe5
Bd6 22. Nf3 b4 23. Qc4 bxc3 24. bxc3 Qe6 25. Qxe6 fxe6 26. Re1 e5 27. Bb3+ Kg7
28. Bd5 c6 29. Bc4 Kf6 30. Rd1 Rd8 31. Kf1 g5 32. Ke2 Bb7 33. Ne1 Ke7 34. Nc2
Ra8 35. Ne3 Bc8 36. Nf5+ Bxf5 37. exf5 Bc5 38. f3 h5 39. Be6 Bd6 40. Bc4 Bc5 41.
Be6 Ra7 42. Kd3 Kf6 43. Kc4 Be7 44. Rd2 Ra4+ 45. Kd3 Rh4 46. h3 Ra4 47. Rb2 g4
48. fxg4 hxg4 49. hxg4 e4+ 50. Ke2 Ra3 51. Rb3 Ra2+ 52. Ke3 Rxg2 53. Kxe4 Rxg4+
54. Kf3 Rh4 55. Kg3 Ke5 56. Rb1 Re4 57. c4 Re3+ 58. Kf2 Kf4 59. Rf1 Bf6 60. Bd7
c5 61. Bc6 Bd4 62. Kg2+ Kg4 63. Rf3 Re7 64. f6 Rf7 65. Bd5 Rxf6 66. Rxf6 Bxf6 1/2-1/2

[Event "St.Petersburg Summer Open"]
[Site "St Petersburg RUS"]
[Date "2016.08.25"]
[Round "9.31"]
[White "Sanarov, Leonid"]
[Black "Azimov, Ilyas"]
[Result "0-1"]
[WhiteElo "1856"]
[BlackElo "2136"]
[WhiteFideId "34132993"]
[BlackFideId "24175226"]
[EventDate "2016.08.17"]

1. c4 Nf6 2. g3 d5 3. cxd5 Qxd5 4. Nf3 c6 5. Bg2 e5 6. Nc3 Qa5 7. O-O Be7 8. d4
exd4 9. Nxd4 O-O 10. Qc2 Nbd7 11. Bf4 Nc5 12. a3 Qa6 13. Nf5 Bxf5 14. Qxf5 Ne6
15. Be3 Rfd8 16. Rad1 g6 17. Qc2 Ng4 18. Bc1 h5 19. h3 Nf6 20. Be3 Re8 21. Rfe1
Ng7 22. Ne4 Nf5 23. Bc5 Nxe4 24. Bxe4 Bxc5 25. Bxf5 Qb6 26. Bxg6 Bxf2+ 27. Kh1
Re7 28. Bxf7+ Rxf7 29. Qg6+ Rg7 30. Qe6+ Kh7 31. Qf5+ Kh8 32. Qxh5+ Kg8 33. Rd6
Qc5 34. Qh6 Qe5 0-1

[Event "St.Petersburg Summer Open"]
[Site "St Petersburg RUS"]
[Date "2016.08.25"]
[Round "9.32"]
[White "Kuzmichev, Artem"]
[Black "Svidinsky, Dmitry"]
[Result "1/2-1/2"]
[WhiteElo "1917"]
[BlackElo "2122"]
[WhiteFideId "34191850"]
[BlackFideId "24120251"]
[EventDate "2016.08.17"]

1. e4 c6 2. Nf3 d5 3. Nc3 Bg4 4. h3 Bxf3 5. Qxf3 e6 6. d4 dxe4 7. Qxe4 Nf6 8.
Qd3 Bd6 9. g3 Nbd7 10. Bg2 Qc7 11. a3 a6 12. O-O O-O 13. b4 Rad8 14. Bb2 e5 15.
d5 cxd5 16. Nxd5 Nxd5 17. Qxd5 b5 18. Rad1 Nb6 19. Qb7 Nc4 20. Bc1 Qxb7 21. Bxb7
a5 22. c3 Rb8 23. Bd5 Bc7 24. Bxc4 bxc4 25. Rd7 Bb6 26. Be3 Bxe3 27. fxe3 axb4
28. axb4 f6 29. Rfd1 Rbc8 30. Kf2 f5 31. Re7 Rfe8 32. Rxe8+ Rxe8 33. Rd5 Kf7 34.
Rc5 Ke6 35. Rxc4 Kd5 36. Rc7 Ke4 37. g4 g6 38. gxf5 gxf5 39. Ke2 Ra8 40. Rc4+
Kd5 41. Rh4 Ra2+ 42. Kd1 e4 43. Rxh7 Kc4 44. Rc7+ Kd3 45. Kc1 Kxe3 46. b5 f4 47.
b6 Ra1+ 48. Kc2 Ra2+ 49. Kb3 Ra1 50. b7 Rb1+ 51. Kc2 Rb6 52. c4 f3 53. c5 Rb5
54. c6 Rb6 55. Kd1 Rb1+ 56. Kc2 Rb6 57. Kd1 1/2-1/2

[Event "St.Petersburg Summer Open"]
[Site "St Petersburg RUS"]
[Date "2016.08.25"]
[Round "9.33"]
[White "Tretyakov, Stepan"]
[Black "Shidlovskiy, Artemiy"]
[Result "1-0"]
[WhiteElo "2122"]
[BlackElo "1884"]
[WhiteFideId "24198820"]
[BlackFideId "34106895"]
[EventDate "2016.08.17"]

1. d4 d5 2. c4 c6 3. Nf3 Nf6 4. Nc3 e6 5. Bg5 Nbd7 6. e3 Qa5 7. Nd2 Bb4 8. Qc2
e5 9. a3 Ne4 10. Ncxe4 dxe4 11. Rd1 Bxd2+ 12. Rxd2 f5 13. dxe5 h6 14. Bf4 g5 15.
Bg3 Nf8 16. Be2 Ne6 17. Bh5+ Ke7 18. O-O Ng7 19. Be2 Be6 20. Rfd1 Rhd8 21. f3
Rxd2 22. Qxd2 Qxd2 23. Rxd2 Rd8 24. Rxd8 Kxd8 25. Be1 b6 26. Bc3 Ke7 27. Kf2 Kf7
28. b3 h5 29. Bd1 b5 30. cxb5 cxb5 31. Ke1 Bd5 32. Kd2 g4 33. f4 Ne6 34. Bb4 Nd8
35. Kc3 Nc6 36. Be2 a6 37. Bc5 Ke6 38. a4 bxa4 39. Bxa6 Bxb3 40. Bc8+ Kd5 41.
Ba3 Na5 42. e6 Kc6 43. e7 Bf7 44. Bxf5 Kc7 45. Bxe4 Nb7 46. Bxb7 Kxb7 47. e4 h4
48. f5 g3 49. hxg3 hxg3 50. e5 1-0

[Event "St.Petersburg Summer Open"]
[Site "St Petersburg RUS"]
[Date "2016.08.25"]
[Round "9.34"]
[White "Kamnev, Alexander"]
[Black "Shadunts, Kirill"]
[Result "1-0"]
[WhiteElo "2101"]
[BlackElo "1824"]
[WhiteFideId "24176753"]
[BlackFideId "34152781"]
[EventDate "2016.08.17"]

1. d4 d5 2. c4 e6 3. Nc3 Be7 4. Nf3 Nf6 5. Bg5 O-O 6. e3 h6 7. Bh4 b6 8. cxd5
Nxd5 9. Bxe7 Qxe7 10. Nxd5 exd5 11. Qa4 c5 12. Qa3 Be6 13. Rc1 Nd7 14. Bb5 Rfc8
15. O-O Kf8 16. dxc5 Rxc5 17. Bxd7 Bxd7 18. Rc3 Rxc3 19. Qxc3 Rc8 20. Qd2 Bb5
21. Rd1 Bc6 22. h3 Bb7 23. Nd4 a6 24. Rc1 Rxc1+ 25. Qxc1 Qc5 26. Qxc5+ bxc5 27.
Nb3 c4 28. Nd4 g6 29. Kf1 Ke7 30. Ke2 Kd6 31. Kd2 Bc8 32. Kc3 Kc5 33. Nf3 g5 34.
Ne5 Be6 35. Ng4 h5 36. Nf6 g4 37. h4 a5 38. Nxh5 f5 39. Ng7 1-0

[Event "St.Petersburg Summer Open"]
[Site "St Petersburg RUS"]
[Date "2016.08.25"]
[Round "9.36"]
[White "Mestnikov, Aital"]
[Black "Divaev, Vadim"]
[Result "1/2-1/2"]
[WhiteElo "2040"]
[BlackElo "1664"]
[WhiteFideId "24175943"]
[BlackFideId "24238724"]
[EventDate "2016.08.17"]

1. e4 e5 2. Nf3 Nf6 3. Nxe5 d6 4. Nf3 Nxe4 5. Nc3 Nxc3 6. dxc3 Be7 7. Bd3 O-O 8.
Be3 Nd7 9. Qe2 Nf6 10. O-O-O Be6 11. Ng5 Qd7 12. Bd4 h6 13. Bxf6 Bxf6 14. Nh7
Rfe8 15. Nxf6+ gxf6 16. Qe4 f5 17. Qf4 Kg7 18. h3 Qe7 19. Bxf5 Qf6 20. Qg4+ Qg5+
21. Qxg5+ hxg5 22. Bxe6 Rxe6 23. Rhe1 Rae8 24. Kd2 f5 25. Rxe6 Rxe6 26. Re1 Re5
27. Rxe5 dxe5 28. Ke3 Kf6 29. g3 c6 30. a4 b6 31. c4 Kg6 32. b4 Kf6 33. f4 gxf4+
34. gxf4 e4 35. Kf2 Kg6 36. Kg2 Kh6 37. Kf2 Kg6 38. Kg2 Kh6 39. Kf2 Kg6 40. Kg2
Kh6 1/2-1/2

[Event "St.Petersburg Summer Open"]
[Site "St Petersburg RUS"]
[Date "2016.08.25"]
[Round "9.37"]
[White "Rubtsov, Aleksandr"]
[Black "Grigoriev, Oleg"]
[Result "0-1"]
[WhiteElo "1817"]
[BlackElo "2033"]
[WhiteFideId "34179272"]
[BlackFideId "24175528"]
[EventDate "2016.08.17"]

1. e4 c5 2. Nf3 d6 3. d4 cxd4 4. Nxd4 Nf6 5. Nc3 a6 6. Be3 e5 7. Nb3 Be6 8. f3
Nbd7 9. Qd2 b5 10. g4 Nb6 11. g5 Nfd7 12. Na5 Qc7 13. O-O-O Rc8 14. Kb1 b4 15.
Nd5 Nxd5 16. exd5 Bf5 17. Nc6 Nb6 18. Bxb6 Qxb6 19. Bd3 Bd7 20. Be4 h6 21. h4 h5
22. f4 Qc7 23. Rhf1 g6 24. Qd3 Bg4 25. Rde1 Bg7 26. fxe5 O-O 27. Qd4 a5 28. exd6
Qxd6 29. Qd3 a4 30. Bf3 Bf5 31. Qc4 Rc7 32. Qe2 b3 33. Be4 bxa2+ 34. Kxa2 Re8
35. Qd3 Rxc6 36. Bxf5 Rxe1 37. dxc6 Qe5 38. c3 Rxf1 39. Qxf1 gxf5 40. Qc4 Qc7
41. g6 Be5 42. Qxa4 fxg6 43. Qb3+ Qf7 44. c4 f4 45. Qf3 Qxc4+ 46. b3 Qc2+ 47.
Ka3 Bd6+ 48. b4 Qc4 49. Qg2 Bxb4+ 50. Kb2 Qc3+ 51. Ka2 Qc4+ 52. Kb2 Kh7 53. Qf3
Bd6 54. Kb1 Qd4 55. Qb3 Qe4+ 56. Ka2 Qxc6 57. Qf7+ Kh6 58. Qg8 Qa6+ 59. Kb3 Qb7+
60. Kc2 Qg7 61. Qd5 Be5 62. Qg2 Qc7+ 63. Kd2 Qc3+ 64. Kd1 Qa1+ 65. Ke2 Qb2+ 66.
Kf3 Qxg2+ 67. Kxg2 Bf6 68. Kh3 Bxh4 69. Kxh4 g5+ 70. Kh3 g4+ 71. Kh4 f3 72. Kg3
Kg5 73. Kf2 Kf4 74. Kg1 Ke3 0-1

[Event "St.Petersburg Summer Open"]
[Site "St Petersburg RUS"]
[Date "2016.08.25"]
[Round "9.38"]
[White "Israyelyan, Eduard"]
[Black "Egorov, Daniil"]
[Result "0-1"]
[WhiteElo "1808"]
[BlackElo "2030"]
[WhiteFideId "13310550"]
[BlackFideId "24171956"]
[EventDate "2016.08.17"]

1. e4 c5 2. Nf3 e6 3. d4 cxd4 4. Nxd4 a6 5. Nc3 Qc7 6. Be3 Bb4 7. Qd2 Nf6 8. f3
d5 9. exd5 Nxd5 10. Nde2 O-O 11. a3 Ba5 12. b4 Nxe3 13. Qxe3 Bb6 14. Qc1 Nc6 15.
Qb2 Rd8 16. Rd1 Nd4 17. Rd2 Nf5 18. Rxd8+ Qxd8 19. Ne4 Ne3 20. N2c3 Qd4 21. Qc1
f5 22. Ne2 Qc4 23. N4c3 e5 24. Qd2 Be6 25. Qd3 Qc7 26. Qd2 Rd8 27. Qc1 Bd4 28.
Qd2 Nc4 29. Qd3 Nb2 0-1

[Event "St.Petersburg Summer Open"]
[Site "St Petersburg RUS"]
[Date "2016.08.25"]
[Round "9.40"]
[White "Mestnikov, Aisen"]
[Black "Levdansky, Alexey"]
[Result "1-0"]
[WhiteTitle "FM"]
[WhiteElo "2126"]
[BlackElo "1973"]
[WhiteFideId "34130117"]
[BlackFideId "34107581"]
[EventDate "2016.08.17"]

1. d4 d5 2. c4 c6 3. Nf3 Nf6 4. Nc3 e6 5. g3 dxc4 6. Bg2 b5 7. Ne5 Qb6 8. O-O
Bb7 9. b3 Nd5 10. Nxd5 cxd5 11. a4 Nc6 12. Nxc6 Bxc6 13. axb5 Bxb5 14. bxc4 Bxc4
15. Bf4 a5 16. Qa4+ Qb5 17. Rfb1 Qxa4 18. Rxa4 Bxe2 19. Bd2 Be7 20. Rxa5 O-O 21.
Rxa8 Rxa8 22. Bxd5 exd5 23. Re1 Bf6 24. Rxe2 Bxd4 25. Bb4 Bb6 26. Rd2 Ba5 27.
Ra2 Bxb4 28. Rxa8+ Bf8 29. Rd8 1-0

[Event "St.Petersburg Summer Open"]
[Site "St Petersburg RUS"]
[Date "2016.08.25"]
[Round "9.41"]
[White "Kiseleva, Arina"]
[Black "Kuznetsov, Mikhail"]
[Result "1-0"]
[WhiteTitle "WCM"]
[WhiteElo "1999"]
[BlackElo "1699"]
[WhiteFideId "4164989"]
[BlackFideId "54126738"]
[EventDate "2016.08.17"]

1. Nf3 Nf6 2. d4 e6 3. b3 b6 4. Bb2 Bb7 5. e3 Be7 6. Bd3 O-O 7. Nbd2 d5 8. Ne5
Nfd7 9. O-O Nxe5 10. dxe5 c5 11. f4 h6 12. Qg4 Ba6 13. Rf3 Bxd3 14. cxd3 Qd7 15.
Rg3 g6 16. e4 Kh7 17. Rf1 d4 18. f5 Qe8 19. f6 Bd8 20. Qh4 Rh8 21. Qxh6+ Kxh6
22. Rh3+ Kg5 23. Nf3+ Kg4 24. Rg3+ Kh5 25. Bc1 Nd7 26. Ne1 Bxf6 27. exf6 e5 28.
Rff3 Qe6 29. Rh3+ Qxh3 30. Rxh3+ Kg4 31. Rg3+ Kh5 32. Nf3 Rae8 33. Bg5 c4 34.
bxc4 Nc5 35. h3 Nxd3 36. Rg4 Nf4 37. Rh4# 1-0